| 000 | 00718 a2200181 4500 | ||
|---|---|---|---|
| 999 |
_c8374 _d8374 |
||
| 020 | _a9780230232600 (hardback) | ||
| 020 | _a0230232604 (hardback) | ||
| 050 | 0 | 0 | _aP302 JAN 2010 |
| 100 | 1 |
_aJanicki, Karol. _eeditor |
|
| 245 | 1 | 0 |
_aConfusing discourse / _cKarol Janicki ; with illustrations by Siri Fuglseth and Tine Erika Fuglseth. |
| 264 |
_aLondon: _bPalgrave Macmillan., _c2010 |
||
| 300 |
_axiv, 232 p. : _bill. ; |
||
| 500 | _aIncludes bibliographical references and index. | ||
| 504 | _aIncludes bibliographical references and index. | ||
| 650 | 0 | _aDiscourse analysis. | |
| 942 |
_2lcc _cBK _h302 _iJAN _kP |
||